000 00623cam a22002053a 4500
001 44320
003 PGUSA
005 20140828084019.0
008 131201s2013||||xxu|||||s|||||000 | eng d
040 _aPGUSA
_beng
042 _adc
100 1 _aArlidge, John Thomas,
_d1822-1899
245 1 0 _aOn the State of Lunacy and the Legal Provision for the Insane
_h[electronic resource] /
_cJohn Thomas Arlidge
260 _bProject Gutenberg,
_c2013
506 _aPublic domain in the USA.
516 _aElectronic text
830 0 _aProject Gutenberg
_v44320
856 4 0 _uhttp://www.gutenberg.org/ebooks/44320
942 _cEB
999 _c273571
_d273571